000 00339pab a2200133 454500
008 180718b xxu||||| |||| 00| 0 eng d
100 _aPatel A.R.
245 _aTasks aheadasks ahead
362 _a11 Nov 93, p.4
650 _a Rural Development
650 _aBanks, Rural
773 _aBusiness Standard
909 _a25891
999 _c25891
_d25891